000 00375nam a2200121Ia 4500
008 220216s9999 xx 000 0 und d
100 _aCampbell D S
245 4 _aThe Chemistry of vulcanization and prevulcanization of natural rubber latex
260 _bProc. Rubb. Cons. Sem., Latex, London
_c1991
650 _aNatural rubber latex
650 _aVulcanization
942 _cJS
999 _c70509
_d70509